00414cam a2200157ua 450000100060000000800390000602000180004504000090006308200100007210000260008224500210010825000120012926000650014130000100020665300400021610662190325n ii |||gr||||Z||||||eng a9788122433807 cMAIN a519.5 aB L Agarwal,eAuthor. aBasic statistics a6th ed. aNew Delhi:bNew age international limited publishers,c2014. a808p. aProbabilities & applied mathematics